[Event "ACL-A094"]
[Site "www.playchess.de"]
[Date "2001.03.26"]
[Round "18"]
[White "MP"]
[Black "lottalove"]
[WhiteElo "696"]
[BlackElo "1500"]
[PlyCount "48"]
[Result "0-1"]

1.c4 Nf6 2.Nc3 g6 3.d4 Bg7 4.Nf3 O-O 5.e3 c6 6.Bd3 
d5 7.O-O Re8 8.Re1 Nbd7 9.Qc2 Qc7 10.e4 dxe4 
11.Nxe4 e5 12.dxe5 Nxe5 13.Bf4 Nfd7 14.Nxe5 Nxe5 
15.Bxe5 Rxe5 16.Ng3 Be6 17.Kf1 Qb6 18.Rxe5 Bxe5 
19.h3 Rd8 20.Rb1 Bxg3 21.fxg3 Qe3 22.Re1 Qxd3+ 
23.Qxd3 Rxd3 24.Kf2 Rd2+ 0-1

[Event "HCL-A095"]
[Site "www.playchess.de"]
[Date "2001.03.26"]
[Round "5"]
[White "jmcerna"]
[Black "edanomil"]
[WhiteElo "1721"]
[BlackElo "1700"]
[PlyCount "27"]
[Result "1-0"]

1.e4 a6 2.d4 b5 3.c4 Bb7 4.Qc2 e6 5.cxb5 axb5 
6.Bxb5 Nf6 7.Bg5 Be7 8.Nc3 O-O 9.Nf3 Na6 10.a3 Rb8 
11.Bd3 c5 12.O-O cxd4 13.Nxd4 Nc5 
14.e5 1-0

[Event "HCL-E036"]
[Site "www.playchess.de"]
[Date "2001.03.26"]
[Round "3"]
[White "Aramis"]
[Black "NOHAU"]
[WhiteElo "2210"]
[BlackElo "2173"]
[PlyCount "36"]
[Result "1/2-1/2"]

1.e4 {Hello!}  e5 {tot ziens}  2.Nf3 {I say hello 
and you say goodbye!Beatles}  Nc6 {Sorry, I tought 
your flag was Belgium.}  3.Bc4 {Ok.But what's 
wrong with them?}  Bc5 {In Netherlands tot tirns 
means see you later.}  4.d3 {I know that,but all 
the belgians know dutch?...We have Italian here.}  
Nf6 {The belgians, one half speaks german and 
dutch and the other half france and dutch.}  5.O-O 
{I didn't know that!But you are right, I've 
checked.Good luck in your games!}  O-O 6.Nc3 d6 
7.h3 Na5 8.Bb3 c6 9.Na4 Nxb3 10.axb3 Bb4 11.Be3 
Nd7 12.d4 Qf6 13.c3 Ba5 14.Nc5 dxc5 15.Rxa5 exd4 
{It`s really looks like draw, but let`s play some 
moves more.}  16.cxd4 cxd4 17.Bxd4 {When and if 
you agree a draw please notify me}  Qe7 {Okay}  
18.Qc2 a6 1/2-1/2

[Event "HCL-E026"]
[Site "www.playchess.de"]
[Date "2001.03.26"]
[Round "11"]
[White "paule"]
[Black "minkin72"]
[WhiteElo "1994"]
[BlackElo "2034"]
[PlyCount "34"]
[Result "1/2-1/2"]

1.e4 e5 2.Nf3 Nc6 3.Bb5 a6 4.Ba4 Nf6 5.O-O b5 
{Mooving right along :) BTW Is kakogo goroda 
igraesh :)}  6.Bb3 {Is Moskvy! Otkuda takoe znanie 
Russkogo yazyka?}  Bb7 {Yu vieros v Magadane :)  
Plus zjena tojze russkayu devchonka :)}  7.Re1 {I 
kak zhivetsa tam u vas?}  Bc5 {Zhivetsa normal'no, 
9 let uzje, po russki s akcentom govoru :(}  8.c3 
{Mnogo russkix sredi druzei i znakomyx?}  d6 {Paru 
semeij russkih znaem, no v osnovnom amerikancie.  
Zjevem v malen'kom gorode okolo Lake Michigan}  
9.d4 {A ya xotya i v Moskve rabotayu, no semýa u 
menya v drugom gorode.}  Bb6 {Kak tak?  Pravda 
govoryu I poltora goda v drugom shtate rabotal, 
letal k ney kajzduu nedelu :)}  10.Bg5 {V nashem 
gorode problema naiti rabotu. Poetomu proxodit'sya 
vot vak zhit' v raznyx gorodax. :(}  h6 {V Rosii 
polozjenie ne ahti  :(}  11.Bh4 {A u vas kak?}  
O-O {Neploho :) Vse horosho, tol'ko v Amerike 
uzjasno skucho.  Kak varvarei, vecherom nekuda 
poijti  :(}  12.Qd3 {Ya tozhe nikuda ne xozhy - 
vot v internete sizhu kazhdyj den'...}  g5 {A k 
sem'e kak chasto ezdish? I kuda :)  g5 pohojze na 
gambit :)}  13.Nxg5 {Poka ezdil 5 nedel' v 
godu-kak otpusk.V etom godu budu ezdit' chasche-za 
svoj schet.}  hxg5 {Kem rabotaesh? Yu inzjiner :)} 
 14.Bxg5 {Klerk v banke. S documentami vozhus'. 
Electronnyj documentooborot. V printsype, 
interesnaya rabota.}  Kg7 {Yu rabotau nad designom 
noveih steratel'neih mashin, rabota nichego, 
platyut narmal'no :)}  15.Qg3 {Igraesh' po nocham, 
chto-li? Sejchas v Moskve 17:56. Ili s raboty?}  
Nh5 {S raboty :)  Obychno utrom do 9 utra :)}  
16.Qg4 {Menya pereveli na druguyu rabotu, teper' 
irat' budet nekogda:(}  Nf6 {Cho teper' delaesh, 
Yu emeu v vidu na rabote?  Zjene chasto zvanish?}  
17.Qg3 {Budu zanimat'sya proizvodstvom. A zhene 
zvonyu kazhdye vykhodnye i 2 raza v budnie dni...} 
 Nh5 {Eto horosho :)  Pohojze na nich'u, soglasen 
:)}  1/2-1/2

[Event "HCL-B212"]
[Site "www.playchess.de"]
[Date "2001.03.26"]
[Round "19"]
[White "coca"]
[Black "ulibear"]
[WhiteElo "1500"]
[BlackElo "1136"]
[PlyCount "66"]
[Result "0-1"]

1.e4 e5 2.Nf3 Nc6 3.d4 exd4 4.Nxd4 Qh4 {my first 
try with 4...Qh4 in the Scotch game}  5.Nxc6 Qxe4+ 
6.Qe2 Qxe2+ 7.Bxe2 bxc6 8.O-O Nf6 9.Bg5 h6 {a 
strange scotch game}  10.Bxf6 gxf6 11.Nc3 d5 
{solamente espanol?}  12.Bd3 Rg8 13.g3 {hi}  Bg4 
{hi}  14.f3 {where are u from?}  Bc5+ {Bielefeld 
in Germany}  15.Kg2 Be6 16.a3 Rb8 17.b4 Bd4 
18.Rab1 Bxc3 {quite an offer from you}  19.b5 c5 
20.a4 Rb6 21.Rfd1 Ke7 {my king is marching}  22.h3 
h5 23.Be2 Be5 24.g4 hxg4 25.fxg4 f5 26.a5 Rbb8 
27.Rde1 f6 28.c4 d4 {pawns,  march forward!}  
29.Bf3 fxg4 30.hxg4 Bxg4 31.Kf2 Bxf3 32.Kxf3 Rg3+ 
33.Ke4 Ke6 0-1

[Event "HCL-E038"]
[Site "www.playchess.de"]
[Date "2001.03.26"]
[Round "1"]
[White "peze2"]
[Black "Chris"]
[WhiteElo "2318"]
[BlackElo "2054"]
[PlyCount "32"]
[Result "0-1"]

1.e4 {Hello and good luck!}  c6 2.c4 e5 3.Nf3 d6 
4.d4 Qc7 5.Nc3 Nf6 6.Be2 Be7 7.O-O O-O 8.Qc2 Bg4 
9.Be3 Nbd7 10.Rfd1 Rfd8 11.h3 Bxf3 12.Bxf3 Nf8 
13.d5 c5 14.a3 a6 15.Be2 Ng6 16.Rdb1 
b6 0-1

[Event "HCL-B219"]
[Site "www.playchess.de"]
[Date "2001.03.26"]
[Round "8"]
[White "tebesius"]
[Black "MP"]
[WhiteElo "1500"]
[BlackElo "1155"]
[PlyCount "20"]
[Result "0-1"]

1.c4 c5 2.Nc3 Nc6 3.g3 g6 4.Bg2 Bg7 5.Bxc6 bxc6 
6.e3 Nf6 7.f4 d5 8.Nge2 Bh3 9.d3 O-O 10.d4 
cxd4 0-1

[Event "HCL-A101"]
[Site "www.playchess.de"]
[Date "2001.03.26"]
[Round "1"]
[White "THE-WARRIOR"]
[Black "markjburden"]
[WhiteElo "1314"]
[BlackElo "1367"]
[PlyCount "77"]
[Result "1-0"]

1.d4 d5 {good luck}  2.c4 dxc4 3.Nc3 e6 4.e4 Nf6 
5.Bxc4 Bb4 6.Bg5 Be7 7.Nf3 h6 8.Bxf6 Bxf6 9.e5 Bg5 
10.O-O O-O 11.Nxg5 Qxg5 12.Ne4 Qe7 13.a3 Nc6 
14.Qg4 Kh8 15.Rad1 Rd8 16.Ng3 a6 17.Nh5 Rg8 18.Bd3 
Qg5 19.Qxg5 hxg5 20.Be4 Ne7 21.f4 gxf4 22.Rxf4 g6 
23.Nf6 Nf5 24.Nxg8 Kxg8 25.Rd3 Kf8 26.d5 Ke7 27.g4 
exd5 28.Bxd5 c6 29.Bb3 Nh6 30.h3 b5 31.Rd6 Be6 
32.Bxe6 fxe6 33.Rf6 Ng8 34.Rfxe6+ Kf7 35.Rdxc6 a5 
36.Rexg6 Rb8 37.Rcb6 Rc8 38.Rgc6 Rd8 
39.Rxb5 1-0

[Event "ACL-A119"]
[Site "www.playchess.de"]
[Date "2001.03.26"]
[Round "16"]
[White "deadeasy"]
[Black "guerino"]
[WhiteElo "1500"]
[BlackElo "1325"]
[PlyCount "39"]
[Result "1-0"]

1.e4 c5 2.Nf3 d6 3.c3 Bg4 4.d4 cxd4 5.Bc4 dxc3 
6.Nxc3 Nf6 7.Bxf7+ Kxf7 8.Ne5+ Ke8 9.Nxg4 Nc6 
10.Nxf6+ exf6 11.O-O Be7 12.Nd5 Kf7 13.Qb3 Na5 
14.Qb5 b6 15.b4 Nb7 16.Be3 Re8 17.Rac1 Rc8 18.Nf4 
Rxc1 19.Rxc1 g5 20.Qd5+ 1-0

[Event "HCL-B229"]
[Site "www.playchess.de"]
[Date "2001.03.26"]
[Round "21"]
[White "daniela"]
[Black "dakini"]
[WhiteElo "1321"]
[BlackElo "1145"]
[PlyCount "23"]
[Result "1-0"]

1.e4 {Da habe ich ja wieder Weiß! Wollen wir auch 
wieder ein Königsgambit?}  c6 {Kein Königsgambit! 
Was viel Schöneres, das Du auch gut kennen 
dürftest ...}  2.d4 {Caro-Kann hatten wir auch 
schon. Na dann mal gucken. Ich kenne jedoch nicht 
die Theorie dazu, ehrlic}  d5 {Du bist halt ein 
natürliches Talent!}  3.e5 {Puh, stöhn, schmunzel 
... ich glaube einfach nur mehr Spielerfahrung zu 
haben. Da kommst du auch hin}  Bf5 {Für Deine 
letzte Bemerkung sollte man Dich 2 Stunden lang 
durchkitzeln ... :-))}  4.f4 {Wiesowardochnichtgemein! 
FüreinenNicht-Turnier-SpielerzieheichdenHutvordir!AufhörenmitKitzeln!!} 
 e6 {Ich möchte einfach noch nicht aufhören 
können... Gehts Euch allen gut?}  5.g4 {Relativ - 
ich habe Windpocken - juckjuckkratzkratz. Meine 
"Männer" sind bisher verschont geblieben.}  Qh4+ 
{Igittigitt! Wo hast Du Dir die denn geangelt? 
Jetzt juckt mich das auch auf einmal ... Was war 
denn}  6.Kd2 {Stehst jetzt viel besser. Die 
Windpocken sind Schuld, was auch sonst! Woher die 
sind - keine Ahnung!}  Be4 {Euch ein schönes 
Wochenende...}  7.Nf3 {noch schnell einen Zug und 
dann ist Dominik wieder dran}  Qf2+ 8.Be2 {O Gott 
stehe ich schlecht ... schneit es bei euch auch 
mal wieder. Unsere Krokusse blühen übrigens .}  
Bxf3 {Nur nasskaltes ekliges Wetter mit 
Temperaturen unter null. Die Krokusse frieren. 
Leider stehst Du ni}  9.Rf1 {Was wolltest du noch 
schreiben? ... Die Sonne lacht bei 14°C. Ich war 
gestern schööön spazieren!}  Qxd4+ {Bei uns sind 
heute morgen 15 cm Schnee gefallen. Wir haben -1° 
und Du stehst nicht schöööön da hier}  10.Ke1 
{Heute war es hier auch wieder kälter ... zur 
Partie äußere ich mich lieber nicht mehr und warte 
...}  Qxd1+ {Ich habe mich für eine lange Partie 
entschieden und hoffe meinen Vorteil waren zu 
können. Liebste Gr}  11.Kxd1 {Wieso lange Partie? 
Ging es auch kürzer? Dann habe ich es nicht 
gesehen!}  Bxe2+ {:-)}  12.Kxe2 {schön, dass du 
mich im Ungewissen lässt ... gestern fielen hier 
ca. 15 cm Schnee! Irre ...}  1-0

[Event "HCL-B229"]
[Site "www.playchess.de"]
[Date "2001.03.26"]
[Round "32"]
[White "vijal"]
[Black "Lycanth"]
[WhiteElo "1500"]
[BlackElo "1200"]
[PlyCount "92"]
[Result "0-1"]

1.e4 e5 2.Nf3 Nc6 3.Bc4 Bc5 4.c3 Nf6 5.d4 exd4 
6.cxd4 Bb4+ 7.Bd2 Nxe4 8.Bxb4 Nxb4 9.Bxf7+ Kxf7 
10.Qb3+ d5 11.Qxb4 Re8 12.O-O Kg8 13.Nc3 c6 
14.Nxe4 Rxe4 15.Rfe1 a5 16.Qc3 Bf5 17.Rxe4 Bxe4 
18.Re1 Qf6 19.Nd2 Bg6 20.Nf3 b5 21.Ne5 Ra6 22.Nxg6 
Qxg6 23.Qe3 a4 24.h3 h6 25.Qe7 Qf7 26.Qd8+ Kh7 
27.Qc8 Rb6 28.Qg4 b4 29.Qd1 a3 30.b3 Qf6 31.Qc2+ 
g6 32.Re5 Rb7 33.Qe2 Rf7 34.Qe3 Kg7 35.Re6 Qf5 
36.Qe5+ Qxe5 37.dxe5 Rc7 38.Rd6 Kf7 39.Kf1 Ke7 
40.Rxg6 c5 41.Ke2 c4 42.Rg7+ Kd8 43.Rxc7 Kxc7 
44.bxc4 dxc4 {that will be hard to stop my pawns 
at queens side}  45.Kd2 b3 46.axb3 a2 {my queen 
will come back son to help me :)} 
 0-1

[Event "HCL-B229"]
[Site "www.playchess.de"]
[Date "2001.03.26"]
[Round "36"]
[White "molinov"]
[Black "Lycanth"]
[WhiteElo "1200"]
[BlackElo "1200"]
[PlyCount "39"]
[Result "1-0"]

1.e4 Nf6 {Hi :)}  2.e5 {hi}  Nd5 3.c4 Nb6 4.d4 d6 
5.f4 dxe5 6.fxe5 Nc6 7.Be3 Bf5 8.Nc3 e6 9.Be2 Bb4 
10.Nf3 Be4 11.O-O Bxf3 12.Rxf3 O-O 13.a3 Bxc3 
14.bxc3 Na5 15.Rg3 Naxc4 16.Bh6 g6 17.Bg5 Qd7 
18.Bh6 Rfe8 19.Qf1 Qc6 20.Qf6 1-0

[Event "ACL-A125"]
[Site "www.playchess.de"]
[Date "2001.03.26"]
[Round "31"]
[White "richard"]
[Black "Yogibear"]
[WhiteElo "1500"]
[BlackElo "1813"]
[PlyCount "76"]
[Result "0-1"]

1.e4 {greetings from america}  Nf6 {All the best 
from Germany, Berlin, good luck and much fun!}  
2.e5 {that was quick}  Nd5 3.d4 d6 4.Nf3 g6 5.c4 
Nb6 6.exd6 cxd6 7.Nc3 Bg7 8.Be3 O-O 9.Rc1 Bg4 
10.h3 Bxf3 11.Qxf3 Nc6 12.c5 dxc5 13.dxc5 Nd7 
14.Bb5 a6 15.Be2 Qa5 16.O-O Bxc3 17.Rxc3 Qxa2 
18.Bc1 Qa5 19.Rd1 Rad8 20.Qe3 Nf6 21.Rcd3 Rxd3 
22.Rxd3 Rd8 23.Rxd8+ Qxd8 24.Bf3 Qd4 25.Kf1 Qc4+ 
26.Be2 Qc2 27.Bf3 e5 28.Bxc6 bxc6 29.Qd2 Qxc5 
30.f3 {it looks grim}  Qc4+ {right, but difficult 
to find the right way!}  31.Kg1 Qd4+ 32.Kf1 Qxd2 
33.Bxd2 Nd5 {Hard game N against B!}  34.g3 {not 
if you have 2 pawns}  f5 {sure, but sometimes I`ve 
some problems with endgames!}  35.Ke2 e4 36.fxe4 
{can you taste the victory?}  fxe4 {Yes,I do! I 
think the pawns at my right side will prepare some 
troubles!}  37.g4 Kf7 38.Be3 Ke6 0-1

[Event "HCL-A106"]
[Site "www.playchess.de"]
[Date "2001.03.26"]
[Round "14"]
[White "Yogibear"]
[Black "Meho"]
[WhiteElo "1853"]
[BlackElo "1883"]
[PlyCount "53"]
[Result "1/2-1/2"]

1.c4 {good luck in the game and greetings!}  Nf6 
{wish good game}  2.g3 e6 3.Bg2 d5 4.Nf3 c6 5.b3 
Be7 6.Bb2 Nbd7 7.O-O O-O 8.d3 Qc7 9.Nbd2 Rd8 
10.Rc1 dxc4 11.Nxc4 Nd5 12.d4 N7b6 13.e4 Nxc4 
14.bxc4 Nf6 15.e5 Nd7 16.Qb3 Nf8 17.d5 c5 18.d6 
Bxd6 19.exd6 Qxd6 20.Rfd1 Qe7 21.Rxd8 Qxd8 22.Rd1 
Qe7 23.Be5 Nd7 24.Bd6 Qf6 25.Ne5 h6 {17...c5? 
played by Computer mistake}  26.Nxd7 {sometimes is 
not good to play with help of computers!}  Bxd7 {I 
do not mean this, I played myself but software in 
this site show me different. I played Be7-c5 but}  
27.Qxb7 {I don`t like to win with the help of your 
computer! Greetings!}  1/2-1/2

[Event "ACL-A113"]
[Site "www.playchess.de"]
[Date "2001.03.26"]
[Round "17"]
[White "RMil"]
[Black "deadeasy"]
[WhiteElo "1500"]
[BlackElo "1500"]
[PlyCount "42"]
[Result "0-1"]

1.e4 {Hello Paulk, my name is Richard. I live in 
FLorida, USA.  It is nice to play a game with you 
here.}  c5 {Hi Richard, I live in London. Look 
forward to the game}  2.Nc3 {Sorry I misspelled 
you name earlier. :)  Good luck to you.}  Nc6 
3.Bc4 e6 4.Nf3 a6 5.d4 b5 6.Be2 cxd4 7.Nxd4 Bb7 
8.Be3 Nf6 9.Bf3 Qc7 10.Bg5 Ne5 11.O-O Nxf3+ 
12.Qxf3 b4 13.Bxf6 bxc3 {i dont about you but i 
find this a really strange position:-)}  14.Qxc3 
{it is weird, huh?}  Qxc3 {i dont play the 
sicilian usually, but decided to learn a line or 
two.}  15.bxc3 gxf6 {was there anything wrong with 
14.Bh4? that was what I had only considered.}  
16.f3 Rc8 17.Rab1 {i don't remember back to that 
move. :(}  Ba8 18.Rb3 d5 19.exd5 Bxd5 20.Ra3 Bxa3 
{sorry!}  21.g4 {it's ok, I didn't see that one.  
Good move!}  Rxc3 0-1

[Event "HCL-B241"]
[Site "www.playchess.de"]
[Date "2001.03.26"]
[Round "5"]
[White "dakini"]
[Black "woolley1983"]
[WhiteElo "1135"]
[BlackElo "1200"]
[PlyCount "24"]
[Result "0-1"]

1.d4 Nf6 2.Bg5 d5 3.c4 e6 4.a3 Be7 5.Nc3 O-O 6.e3 
c6 7.c5 Na6 8.Nf3 Bd7 9.Ne5 Qe8 10.Bd3 g6 11.Bh6 
b6 12.Bxa6 bxc5 0-1

[Event "HCL-C245"]
[Site "www.playchess.de"]
[Date "2001.03.26"]
[Round "6"]
[White "prnils"]
[Black "Toady"]
[WhiteElo "1000"]
[BlackElo "690"]
[PlyCount "37"]
[Result "1-0"]

1.e4 {Hello! Have a nice game.}  e5 2.Nf3 Nc6 
3.Bb5 Nf6 4.O-O Nxe4 5.Re1 d5 6.d3 Nf6 7.Nxe5 Bd7 
8.Nxc6+ Be6 9.Nxd8+ Kxd8 10.Bg5 Be7 11.Nc3 c6 
12.Ba4 h6 13.Bh4 g5 14.Bg3 h5 15.Be5 h4 16.Qf3 g4 
17.Qf4 Kd7 18.Bxf6 g3 19.Bxh8 1-0

[Event "HCL-B242"]
[Site "www.playchess.de"]
[Date "2001.03.26"]
[Round "1"]
[White "dakini"]
[Black "Worf"]
[WhiteElo "1135"]
[BlackElo "1689"]
[PlyCount "38"]
[Result "0-1"]

1.e4 d5 2.exd5 Qxd5 3.Nc3 Qa5 4.Bc4 Nf6 5.Nf3 Bg4 
6.O-O e6 7.h3 Bh5 8.g4 Bg6 9.Re1 Nbd7 10.Bxe6 fxe6 
11.Rxe6+ Kd8 12.Qe1 Bd6 13.d3 Bf7 14.Re2 Qb6 15.b3 
Bb4 {ist ja wie blitz!}  16.Bd2 c6 17.g5 
{Existiert im IN eigentlich eine 
Blitzschachmöglichkeit?}  Bxc3 {natürlich,bei der 
fide,chessgateund camecolony da spiel ich sehr 
oft}  18.Bxc3 {Kannst Du mir die IN Adresse der 
ansprechendsten hier durchgeben?}  Nd5 
{www.chessgate.de,www.gamecolony.com und die beste 
http://game.fide.come/chessgame/}  19.Ba5 {Vielen 
Dank für die Adressen!}  Bh5 {bitte} 
 0-1

[Event "HCL-B242"]
[Site "www.playchess.de"]
[Date "2001.03.26"]
[Round "4"]
[White "dakini"]
[Black "Joachim"]
[WhiteElo "1135"]
[BlackElo "1370"]
[PlyCount "28"]
[Result "0-1"]

1.d4 Nf6 {Hallo Thomas, seit längerem wieder eine 
Fernpartie von uns! Viel Spaß, und eine schöne 
Woche;Joachim}  2.Bg5 {Ja da freue ich mich auch 
drüber! Geht es Euch zwei beiden gut? Bei uns ist 
alles klar! Schönen Aben}  e6 {Ja, auch wenn 
letzte Woche arbeitsmäßig etwas stressig war; 
dafür ist diese Woche ruhiger; Joachim.}  3.e4 {Es 
spielt sich hier sehr schön, Joachim! Endlich 
lassen sich die schwarzen Figuren richtig herum 
spi}  Be7 {sinnvoll auch die Unterscheidung mit / 
oder ohne eletronische Hilfsmittel (bin in beiden 
Modi drin)}  4.e5 {ich bekomme hier ganz schön das 
Fell über beide Ohren gezogen. Steige auch bald 
wieder ab.}  Nd5 {...was ich von dieser Partie 
nicht noch behaupten kann - allerdings ist nicht 
weit fortgeschritten}  5.Bxe7 Nxe7 {dafür hast Du 
sicherlich schon mehr ERfahrungen. Mir ist wichtig 
überschaubare Partienzahl}  6.f4 {ich probiere 
hier ziemlich viel aus!}  d5 {um ehrlich zu sein: 
die Eröffnung war mir bis jetzt unbekannt, doch 
jetzt etw. Französische Akzente?}  7.c4 {Am Anfang 
bist Du dem Trompowsky Angriff klug aus dem Wege 
gegangen. Jetzt gehts sogar vs. Damengamb}  c5 
{Trompowsky kannte ich noch nicht, doch bin 
neugierig wie die ersten charakteristischen Züge 
sind!}  8.g4 {Der eigentliche Trompowsky ist schon 
vorbei. Rüdiger hebelt damit Computer aus}  Nbc6 
{nach vermehrten Bauernzügen zwischendurch eine 
Figur entwickelt: die Spannung in der Mitte 
bleibt...}  9.dxc5 Qa5+ 10.Qd2 Qxc5 11.b4 Qxb4 
12.Nc3 {Wie ich schon sagte, eben Rüdiger hebelt 
damit einige Computerprogramme aus.}  d4 {na da 
muß ich aufpassen daß es mir nicht so geht wie dem 
Rechner vs Rüdiger. dXc4 ist mir suspect}  13.Nb5 
Qxd2+ {Euch einen schönen Wochenanfang - 'mal 
sehen was uns hier die Zweite Woche in den Partien 
bringt}  14.Kxd2 {Euch auch eine schöne Woche und 
den langersehnten Frühling!}  O-O {hoffentlich 
werden auch bald die Temperaturen entsprechend, 
denn letzte Woche war echt ungemütlich!} 
 0-1

[Event "HCL-E043"]
[Site "www.playchess.de"]
[Date "2001.03.26"]
[Round "4"]
[White "paule"]
[Black "peze"]
[WhiteElo "2078"]
[BlackElo "2031"]
[PlyCount "41"]
[Result "1/2-1/2"]

1.g3 {I don't may to play 1.e4:(}  d5 {Hi Pavel! 
g3  Innovation ? :-)}  2.Bg2 {If I play 1.e4, in 
Spanish or Petrov's I didn't good play:( 1.g3 & 
it's all right!!:)}  e5 3.d3 g6 4.c4 dxc4 {Is the 
opening good for white ?}  5.Qa4+ {I doubt... I 
have difficulties with opening:(}  Bd7 6.Qxc4 Nc6 
7.Nf3 Bg7 8.Nc3 Nge7 9.O-O O-O 10.Bd2 Be6 11.Qa4 
Nd4 12.Rac1 c6 13.Nxd4 exd4 14.Ne4 Bd5 15.Qa3 Nf5 
16.Rc2 h6 17.Rfc1 Re8 18.h3 a6 19.b3 Be5 20.Bh1 
Kh7 21.Qa4 1/2-1/2

[Event "ACL-A127"]
[Site "www.playchess.de"]
[Date "2001.03.26"]
[Round "26"]
[White "Westqualmer"]
[Black "DIG"]
[WhiteElo "1923"]
[BlackElo "1743"]
[PlyCount "81"]
[Result "1-0"]

1.e4 e5 2.Nf3 Nc6 3.Bb5 a6 4.Ba4 Nf6 5.O-O Be7 
6.Re1 b5 7.Bb3 O-O 8.c3 d6 9.h3 Na5 10.Bc2 c5 
11.d4 cxd4 12.cxd4 Bb7 13.Nbd2 Rc8 14.d5 Qc7 
15.Bb1 Nd7 16.Nf1 Nb6 17.Ng3 Na4 18.Nf5 Bf6 19.Bd3 
g6 20.Ne3 Nc5 21.b3 Nxd3 22.Qxd3 Bd8 23.Ba3 Qd7 
24.Ng4 f6 25.Bb4 h5 26.Ne3 Bb6 27.a4 bxa4 28.Rxa4 
Bxe3 29.Qxe3 Nc4 30.Qh6 Nb6 31.Qxg6+ Qg7 32.Qxg7+ 
Kxg7 33.Ra2 f5 34.Bxd6 Rfe8 35.Bxe5+ Rxe5 36.Nxe5 
fxe4 37.d6 Kf6 38.Nc4 Nd7 39.Ra5 Rh8 40.Nd2 Ke6 
41.Nxe4 1-0

[Event "HCL-B248"]
[Site "www.playchess.de"]
[Date "2001.03.26"]
[Round "10"]
[White "whatsleft2"]
[Black "DIG"]
[WhiteElo "1894"]
[BlackElo "1500"]
[PlyCount "61"]
[Result "1-0"]

1.e4 {goodluck}  e5 2.f4 Bc5 3.Nf3 d6 4.Bc4 Nc6 
5.Nc3 Nf6 6.d3 Ng4 7.Qe2 Nd4 8.Nxd4 Bxd4 9.f5 h5 
10.h3 Qh4+ 11.Kf1 Nf2 12.Qe1 g5 13.Rg1 c6 14.Be3 
Nxh3 15.Rh1 Qxe1+ 16.Rxe1 Bxe3 17.Rxe3 Nf4 18.g3 
b5 19.Bb3 a5 20.a4 b4 21.Nd1 Ne6 22.fxe6 Bxe6 
23.Bxe6 fxe6 24.Re2 {goodmorning}  Kf7 25.Ne3 c5 
26.Rf2+ Kg6 27.Nc4 Ra6 28.Kg2 Rg8 29.Rhf1 Kh7 
30.R2f7+ Rg7 31.R1f6 1-0

[Event "HCL-B244"]
[Site "www.playchess.de"]
[Date "2001.03.26"]
[Round "17"]
[White "damage_kase"]
[Black "dakini"]
[WhiteElo "1379"]
[BlackElo "1157"]
[PlyCount "21"]
[Result "1-0"]

1.d4 d5 2.e3 Bf5 3.c4 e6 4.Nc3 Bb4 5.Qb3 a5 6.c5 
Nc6 7.Bb5 Nge7 8.Nf3 O-O 9.O-O Bg4 10.Be2 h5 
11.Bd2 1-0

[Event "HCL-B251"]
[Site "www.playchess.de"]
[Date "2001.03.26"]
[Round "3"]
[White "dakini"]
[Black "Dlastdon"]
[WhiteElo "1137"]
[BlackElo "1339"]
[PlyCount "32"]
[Result "0-1"]

1.e4 c5 2.Nf3 Nc6 3.d4 e6 4.d5 exd5 5.exd5 Qe7+ 
6.Be3 Ne5 7.Nxe5 Qxe5 8.c3 Nf6 9.Nd2 Qxd5 10.Bc4 
Qxg2 11.Ke2 Ng4 12.Qg1 Qxg1 13.Raxg1 d6 14.Bf4 Nf6 
15.h3 b6 16.b4 Bb7 0-1

[Event "HCL-A113"]
[Site "www.playchess.de"]
[Date "2001.03.26"]
[Round "1"]
[White "Yogibear"]
[Black "easykiller"]
[WhiteElo "1845"]
[BlackElo "1910"]
[PlyCount "93"]
[Result "1-0"]

1.Nf3 {Hello, greetings and good luck in the 
game!}  Nf6 {Hello from Bratislava}  2.c4 
{greetings from Berlin!}  g6 3.Nc3 Bg7 4.e4 d6 
5.d4 O-O 6.Be2 Nbd7 7.O-O e5 8.Be3 {florida}  Re8 
9.d5 {.}  Nh5 10.g3 b6 11.b4 Nf8 12.c5 Bh3 13.Re1 
Bf6 14.Nd2 Ng7 15.cxd6 cxd6 16.Rc1 Re7 17.Bb5 h5 
18.Bc6 Rb8 19.Qa4 Nh7 20.Nb5 Bg5 21.Nc4 Bxe3 
22.Rxe3 Ne8 23.Bxe8 Qxe8 24.Ncxd6 Qd8 25.Qa6 f6 
26.Rec3 Kg7 27.R3c7 {santana}  Kh6 28.Rxe7 Qxe7 
29.Rc7 {..}  Bd7 30.Qxa7 Rd8 31.f4 exf4 32.gxf4 f5 
33.Qxb6 Qf6 34.e5 Qh4 35.Nf7+ Kg7 36.Nxd8 Qe1+ 
37.Kg2 Qe2+ 38.Qf2 Qg4+ 39.Qg3 Qe2+ 40.Kh3 
{florida}  Qf1+ 41.Kh4 g5+ 42.fxg5 Kg6 43.Rxd7 
Qc4+ 44.Nd4 Qxd4+ 45.Kh3 Qd1 46.Ne6 {.}  Qf1+ 
47.Kh4 1-0